FIK - Stirling 2007 1. zborník publikácií : monografická publikácia : grantová úloha VEGA č. 1/4130/07 " Nekonečný motor FIK - Stirling"

Bibliographic Details
Other Authors: Isteník, Rastislav, 1971- (Compiler)
Format: Book
Language:Slovak
English
PhysicalDescription:58 s. fotogr., garfy, sch., tab. 21 cm
Published: Žilina Edis 2007
ISBN:9788080707880 (brož.)
Edition:1. vyd.
Subjects:

MARC

LEADER 00000cam a2200000 a 4500
001 vtls009348252
003 SK-MaSNL
005 20260302043358.0
008 160208s2007 xo odl f 000 0 slo
015 |a SNBA2008/11-04942 
020 |a 9788080707880 (brož.) 
035 |a E076F51D-DFD9-4F55-8C53-5B907953230F 
035 |a urn:nbn:sk:snk-amk7xb 
035 |a urn:nbn:sk:snk-am008axy 
040 |a SNK  |b slo  |c SNK  |e AACR2 
041 0 |a slo  |a eng  |b slo  |b eng 
044 |a xo  |c SK 
072 7 |a 621  |x Strojárstvo  |2 konspekt 
080 |a 621.412  |2 2001 
080 |a 621.1+621.4  |2 2001 
080 |a (082)  |2 2001 
080 |a (048.8)  |2 2001 
245 0 0 |a FIK - Stirling 2007  |b 1. zborník publikácií : monografická publikácia : grantová úloha VEGA č. 1/4130/07 " Nekonečný motor FIK - Stirling"  |c [zostavovateľ: Rastislav Isteník] 
250 |a 1. vyd. 
260 |a Žilina  |b Edis  |c 2007 
300 |a 58 s.  |b fotogr., garfy, sch., tab.  |c 21 cm 
366 |e 50 výt. 
504 |a Bibliogr. odkazy 
546 |a Res. slov., angl. 
650 0 7 |a Stirlingov motor  |2 SNKPH  |9 600375 
650 0 7 |a tepelné motory  |2 SNKPH  |9 676 
650 0 7 |a Heat engines  |2 SNKPHeng  |9 396572 
655 7 |a zborníky  |2 SNKPH  |9 70165 
655 7 |a monografie  |2 SNKPH  |9 70139 
655 7 |a Monographs  |2 SNKPHeng  |9 120675 
700 1 |a Isteník, Rastislav,  |d 1971-  |4 com  |9 18428 
710 2 |a Žilinská univerzita v Žiline.  |b Strojnícka fakulta  |4 pbl  |9 121284 
852 |a Štátna vedecká knižnica v Banskej Bystrici 
919 |a 978-80-8070-788-0 
958 |a NB 
958 |a OND 
968 |d 62 
999 |c 1086400  |d 1088330 
952 |a SNK  |b SNK  |y VYP  |7 0  |p 17A0602024  |o snkSC 133339 D1  |i snk2008/19798  |8 0  |0 0  |1 0  |4 0  |d 2008-10-15  |l 0  |r 2026-02-24 16:41:24  |w 2026-02-24 
952 |a SNK  |b SNK  |y PREZ  |7 0  |p 17A0602073  |o snkSC 133339  |i snk2008/19797  |8 0  |0 0  |1 0  |4 0  |d 2008-10-15  |f 1  |l 0  |r 2025-06-24 00:00:00  |w 2026-02-24